Slow start to 2012 as supply tightens and demand weakens (Record no. 113221)
[ view plain ]
| 000 -LEADER | |
|---|---|
| fixed length control field | 00910cad a22002055a 4500 |
| 001 - CONTROL NUMBER | |
| control field | L154894 |
| 008 - FIXED-LENGTH DATA ELEMENTS--GENERAL INFORMATION | |
| fixed length control field | 120130e20120130xxk f 000 0 eng d |
| 035 ## - SYSTEM CONTROL NUMBER | |
| System control number | (Sirsi) u154894 |
| 041 0# - LANGUAGE CODE | |
| Language code of text/sound track or separate title | eng |
| 100 1# - MAIN ENTRY--PERSONAL NAME | |
| Personal name | Donnell, Richard |
| 245 00 - TITLE STATEMENT | |
| Title | Slow start to 2012 as supply tightens and demand weakens |
| Remainder of title | no increase in house prices for 18 months |
| Medium | [electronic resource] |
| 260 ## - PUBLICATION, DISTRIBUTION, ETC. | |
| Date of publication, distribution, etc. | 2011 |
| 490 #0 - SERIES STATEMENT | |
| Series statement | Hometrack Monthly National Housing Survey |
| Volume/sequential designation | 30 January 2012 |
| 520 ## - SUMMARY, ETC. | |
| Summary, etc. | A slow start to 2012 as supply tightens and demand weakens. No change in house prices since December 2011. There has no increase in house prices since June 2010. |
| 590 ## - LOCAL NOTE (RLIN) | |
| Local note | KA |
| 651 #4 - SUBJECT ADDED ENTRY--GEOGRAPHIC NAME | |
| Geographic name | United Kingdom |
| Chronological subdivision | |
| 690 ## - LOCAL SUBJECT ADDED ENTRY--TOPICAL TERM (OCLC, RLIN) | |
| Topical term or geographic name as entry element | Residential property |
| 9 (RLIN) | 6266 |
| 856 40 - ELECTRONIC LOCATION AND ACCESS | |
| Uniform Resource Identifier | <a href="https://www.hometrack.co.uk/hpsurvey/documents/RDHTSurveyJan2012_27012012093705_27012012135334.pdf">https://www.hometrack.co.uk/hpsurvey/documents/RDHTSurveyJan2012_27012012093705_27012012135334.pdf</a> |
| Public note | View this item free of charge at www.hometrack.co.uk |
| 942 ## - ADDED ENTRY ELEMENTS (KOHA) | |
| Suppress in OPAC | 0 |
| Withdrawn status | Lost status | Source of classification or shelving scheme | Damaged status | Not for loan | Home library | Current library | Shelving location | Date acquired | Total Checkouts | Full call number | Barcode | Date last seen | Copy number | Price effective from | Koha item type |
|---|---|---|---|---|---|---|---|---|---|---|---|---|---|---|---|
| Dewey Decimal Classification | Virtual | Virtual | Online | 30/01/2012 | ONLINE PUBLICATION | 154894-2001 | 06/08/2019 | 1 | 06/08/2019 | Book |